Psicología desde el punto de vista empírico.
Saved in:
| Hovedforfatter: | |
|---|---|
| Format: | Ukendt |
| Udgivet: |
Salamanca, España:
Ediciones Sígueme,
2020.
|
| Serier: | Hermeneia. Filosofía
|
| Fag: | |
| Tags: |
Tilføj Tag
Ingen Tags, Vær først til at tagge denne postø!
|
MARC
| LEADER | 00000 a2200000 4500 | ||
|---|---|---|---|
| 003 | CL-VaPUC | ||
| 005 | 20221024103507.0 | ||
| 008 | 221017t2020 ||||| |||| 00| 0 eng d | ||
| 999 | |c 436398 |d 436396 | ||
| 020 | |a 978-84-301-2059-8 | ||
| 040 | |c Pontificia Universidad Católica de Valparaíso | ||
| 082 | |a 150.1 BRE 2020 | ||
| 100 | |a Brentano, Franz |9 348128 |e autor | ||
| 245 | |a Psicología desde el punto de vista empírico. | ||
| 260 | |a Salamanca, España: |b Ediciones Sígueme, |c 2020. | ||
| 300 | |a 318 páginas. | ||
| 490 | |a Hermeneia. Filosofía |n 126. | ||
| 583 | |k GC |c 20221017 | ||
| 650 | |a Psicología |9 257863 | ||
| 650 | |a Filosofía del espíritu |9 320175 | ||
| 650 | |a Empirismo |9 255037 | ||
| 942 | |2 ddc |c BK | ||
| 952 | |0 0 |1 0 |2 ddc |4 0 |6 150_100000000000000_BRE_2020 |7 0 |8 A |9 587224 |a BIBTEO |b BIBTEO |c GEN |d 2022-10-13 |e 3 |g 27309.00 |i 5655157 |l 1 |m 3 |o 150.1 BRE 2020 |p 5655157 |r 2025-01-17 |s 2023-03-30 |t 1 |v 27309.00 |w 2022-10-13 |y BK |k ICR | ||